Steaguri roșii, albe și albastre – Moarte subită - Statistics

General Stats
  • This quiz has been taken 15 times
  • The average score is 8 of 17
Answers on the Grid
Answers color-coded by a green-red scale on the quiz's grid according to % correct below.
Africa de Sud
Australia
Brazilia
Coreea de Nord
Coreea de Sud
Costa Rica
Cuba
Franța
Filipine
Guatemala
Haiti
India
Irlanda
Islanda
Italia
Liberia
Muntenegru
Nepal
Nicaragua
Norvegia
Panama
Papua Noua Guinee
Regatul Unit
Rusia
Samoa
Slovacia
Spania
Suedia
Statele Unite
Taiwan
Thailanda
Zimbabwe
 
Answer Stats
Answer % Correct
Australia
80%
Franța
80%
Coreea de Nord
60%
Costa Rica
60%
Cuba
60%
Islanda
40%
Liberia
40%
Norvegia
40%
Panama
40%
Regatul Unit
40%
Rusia
40%
Samoa
40%
Slovacia
40%
Statele Unite
40%
Taiwan
40%
Thailanda
40%
Nepal
20%
No matching quizzes found
Score Distribution
Percent of People with Each Score
Percentile by Number Answered
Your Score History
You have not taken this quiz